Rulers of India: (Record no. 18085)

MARC details
000 -LEADER
fixed length control field 00621nam a22001937a 4500
003 - CONTROL NUMBER IDENTIFIER
control field BDDh-ASL
005 - DATE AND TIME OF LATEST TRANSACTION
control field 20231015025659.0
008 - FIXED-LENGTH DATA ELEMENTS--GENERAL INFORMATION
fixed length control field 200919s1893 enk||||| |||| 001 0 eng d
040 ## - CATALOGING SOURCE
Original cataloging agency BDDh-ASL
Transcribing agency BDDh-ASL
Modifying agency BDDh-ASL
082 ## - DEWEY DECIMAL CLASSIFICATION NUMBER
Classification number 954.02586
Item number LAR
100 1# - MAIN ENTRY--PERSONAL NAME
9 (RLIN) 926
Personal name Lane-Poole, Stanley
245 10 - TITLE STATEMENT
Title Rulers of India:
Remainder of title Aurangzib/
Statement of responsibility, etc. by Stanley Lane-Poole
260 ## - PUBLICATION, DISTRIBUTION, ETC.
Place of publication, distribution, etc. Oxford:
Name of publisher, distributor, etc. The Clarendon Press,
Date of publication, distribution, etc. 1893.
300 ## - PHYSICAL DESCRIPTION
Extent 212 p. :
Other physical details ills., maps ;
Dimensions 20 cm.
500 ## - GENERAL NOTE
General note Includes index.
651 #0 - SUBJECT ADDED ENTRY--GEOGRAPHIC NAME
9 (RLIN) 722
Geographic name India
General subdivision History
-- Mughal History
Chronological subdivision 17th Century
700 1# - ADDED ENTRY--PERSONAL NAME
Personal name Hunter, William Wilson
Titles and other words associated with a name Sir
9 (RLIN) 927
942 ## - ADDED ENTRY ELEMENTS (KOHA)
Source of classification or shelving scheme Dewey Decimal Classification
Koha item type Books
Holdings
Withdrawn status Lost status Source of classification or shelving scheme Damaged status Not for loan Collection code Home library Current library Shelving location Date acquired Source of acquisition Total Checkouts Full call number Barcode Date last seen Copy number Price effective from Koha item type
    Dewey Decimal Classification   Not For Loan Non-fiction Asiatic Society Library Asiatic Society Library Harrison Collection 09/19/2020 Donated by Prof. John B. Harrison   954.02586 LAR 101243 09/19/2020 1 09/19/2020 Books

Powered by Koha